The G.O.A.T.s of MMA - Statistics

General Stats
  • This quiz has been taken 807 times
  • The average score is 3 of 11
Answer Stats
Answer % Correct
Anderson Silva
81%
Georges St. Pierre
71%
Royce Gracie
29%
Randy Couture
28%
Matt Hughes
20%
Fedor Emelianenko
18%
Ronda Rousey
16%
Chuck Lidell
15%
Miesha Tate
3%
Marloes Coenen
1%
Cristiane Justino
0%
No matching quizzes found
Score Distribution
Percent of People with Each Score
Percentile by Number Answered
Your Score History
You have not taken this quiz